Wydarzenia historyczne według emoji - Statystyki

Ogólne statystyki
  • Ten quiz został rozwiązany 578 razy
    319 od ostatniego zresetowania
  • Średni wynik to 4 z 14
Statystyki odpowiedzi
Emoji Odpowiedź % Poprawnych
🐀🦠💀 Czarna Śmierć
68%
🛫🏠🏠 Zamach na World Trade Center
66%
👶🌠🐑 Narodziny Jezusa
51%
🦠😷🏠 Pandemia Covid-19
42%
⛪💦👑 Chrzest Polski
41%
💥🔫🧜‍♀️ Powstanie Warszawskie
25%
🌎🐾👀 Odkrycie Ameryki
16%
🌊🤴⛪ Potop Szwedzki
13%
🌊💍🙋‍♂️ Zaślubiny Polski z Morzem
12%
🟥⭐🔫 Wojna w Wietnamie
11%
🔫🏴🍔 Wojna Secesyjna
8%
🏰🛡️🕌 Obrona Wiednia
6%
🏠🌾⚒️ Rewolucja neolityczna
1%
🧥❌🚩 Rozbiory Polski
1%
Nie znaleziono quizów pasujących do podanych kryteriów
Rozkład punktacji
Procent ludzi z każdym wynikiem
Percentyl według liczby udzielonych odpowiedzi
Twoja historia wyników
Nie rozwiązałeś tego quizu od ostatniego zresetowania